000 00898nam a2200229Ia 4500
999 _c50909
_d50909
001 17864
003 GE_BSU
005 20200226153032.0
008 181216s2016ge xx |||||||||||||| ||geo||
040 _cGE_BSU
041 _ageo
080 _a1(479.22) ფ-56
245 _aფილოსოფიური ძიებანი. XX :
_bკრებული მეოცე /
_cრედ. სერგი ავალიანი
264 _aთბილისი :
_bგამ-ბა "უნივერსალი,
_c2016.
300 _a309 გვ. :
_c21 სმ.
504 _aბიბლ.გვ.269-304
653 _aკრებული მეოცე
653 _aფილოსოფიური ძიებანი
653 _aფილოსოფია
700 _aავალიანი, სერგი
_eრედაქტორი
_9356
942 _cBK
_2udc